000
00327 a2200157 4500
001
57103
020
_a
8508106343
040
_c
Anchieta - Pituba
100
_a
Leite, Marcia
240
1
0
_a
Aqui entre nós
_l
por
245
1
0
_a
Aqui entre nós
300
_a
99
362
0
_a
2006
650
4
_a
Literatura juvenil
942
_c
BK
999
_c
57103
_d
57103